000 01463pam a2200313 a 4500
001 598069
005 20020824204415.0
008 910607s1992 enk |rb 001 0 eng
010 _a 91022168
020 _a0521405319 (hardback)
020 _a0521405785 (paperback)
040 _aDLC
_cDLC
_dDLC
050 0 0 _aJX1954
_b.G68 1992
082 0 0 _a341.2
_222
_bGOV
245 0 0 _aGovernance without Government :
_border and change in world politics /
_cEdited by James N. Rosenau and Ernst-Otto Czempiel.
260 _aCambridge [England] ;
_aNew York :
_bCambridge University Press,
_c1992.
300 _axii, 311 p. ;
_c24 cm.
490 _aCambridge Studies in International Relations ;
_v20
_914578
504 _aIncludes bibliographical references and index.
650 0 _aInternational organization.
_914574
650 0 _aInternational relations.
_914575
700 1 _aRosenau, James N.
_914576
700 1 _aCzempiel, Ernst Otto,
_d1927-
_914577
856 4 2 _3Publisher description
_uhttp://www.loc.gov/catdir/description/cam024/91022168.html
856 4 1 _3Table of contents
_uhttp://www.loc.gov/catdir/toc/cam022/91022168.html
942 _2ddc
_cBB
999 _c14058
_d14058